Statistiken für VRS Bonn: Linie 66

Klicken Sie hier um das Quiz zu spielen!

Allgemein

  • Dieses Quiz wurde 28 mal gespielt
  • Das Durchschnittsergebnis liegt bei 22 aus 37

Antwortstatistiken

Haltestelle% Korrekt
Bonn Hauptbahnhof
91%
Juridicum
86%
Stadthaus
86%
Bertha-von-Suttner-Platz / Beethovenhaus
77%
Heussallee / Museumsmeile
77%
Rheinaue
73%
Siegburg Bahnhof
73%
Universität / Markt
73%
Bad Honnef
64%
Hangelar Mitte
64%
Hangelar Ost
64%
Hangelar West
64%
Konrad-Adenauer-Platz
64%
Ollenhauerstrasse
64%
Olof-Palme-Allee
64%
Bundesrechnungshof / Auswärtiges Amt
59%
Oberkassel Mitte
59%
Oberkassel Nord
59%
Oberkassel Süd / Römlinghoven
59%
Ramersdorf
59%
Vilich
59%
Adelheidisstrasse
55%
Oberdollendorf
55%
Sankt Augustin Kloster
55%
Robert-Schuman-Platz
50%
Sankt Augustin-Mülldorf
50%
Sankt Augustin Zentrum / Hochschule Bonn Rhein-Sieg
50%
Vilich-Müldorf
50%
Clemens-August-Strasse
45%
Königswinter Fähre
45%
Museum Koenig
45%
Oberdollendorf Nord
45%
Rhöndorf
45%
Sankt Augustin Ort
45%
Longenburg
41%
Am Spitzenbach
36%
Königswinter Denkmal
36%

Verteilung der Resultate

Perzentil nach korrekt beantworteten Fragen

Anzahl Personen mit jedem Resultat

Ihre Resultats-Entwicklung

Sie haben dieses Quiz noch nicht gespielt